000 00859nam a2200241 a 4500
001 BRCA_7984
005 20190320210100.0
008 130314s1972----enka###f##---#000-0#eng-#
041 _aeng
044 _aenk
050 4 _aNK1125
_b.IN61
_c1972
245 1 0 _aThe International Antiques Yearbook 1972
_ba dealer´s and collector´s guide to the antiques and art trade in Europe and the USA
_ccompiled by Philip Wilson and Marcelle d´Argy Smith.
260 _aLondon
_bDavid & Charles
_c1972
300 _a1058 p.
_bil. (algunas a color)
_c19 cm.
500 _a3016
650 1 4 _aAntigüedades
_vDiccionarios y enciclopedias
_919803
650 1 4 _aObras de arte
_vColecciones y coleccionistas
_919804
650 1 4 _aArte
_919805
700 1 _aWilson, Philip
_ecomp.
_919806
700 1 _ad´Argy Smith, Marcelle
_ecomp.
_919807
902 _aGFM
942 _2lcc
_cB
999 _c7653
_d7653